000 00215nam a2200097Ia 4500
008 190216s9999||||xx |||||||||||||| ||und||
100 _aGeorge
245 0 _aYodhakkal Nootandukaliloode
260 _bNull
942 _cBK
999 _c25214
_d25214